|
|
|
|
| LEADER |
00000nam a2200000 a 4500 |
| 001 |
vtls008623524 |
| 003 |
SK-MaSNL |
| 005 |
20260301165408.0 |
| 008 |
180531s2006 xo ol f a 000 0 slo |
| 015 |
|
|
|a SNBA2006/03-01764
|
| 020 |
|
|
|a 8089168116
|q (brož.)
|
| 035 |
|
|
|a 41E67CA3-44CA-4389-8400-636FA7ECFC05
|
| 035 |
|
|
|a urn:nbn:sk:snk-aml73q
|
| 035 |
|
|
|a urn:nbn:sk:snk-am008tz2
|
| 040 |
|
|
|a SNK
|b slo
|c SNK
|e AACR2
|
| 041 |
0 |
|
|a slo
|b eng
|b ger
|
| 043 |
|
|
|a e-xo---
|
| 044 |
|
|
|a xo
|c SK
|
| 072 |
|
7 |
|a 378
|x Vysoké školy
|2 konspekt
|
| 072 |
|
7 |
|a 636.09
|x Veterinárna medicína
|2 konspekt
|
| 080 |
|
|
|a 636.09-051
|2 2001
|
| 080 |
|
|
|a 378.046.4(091)
|2 2001
|
| 080 |
|
|
|a (437.6)
|2 2001
|
| 080 |
|
|
|a (048.8)
|2 2001
|
| 100 |
1 |
|
|a Husár, Ladislav,
|d 1927-2018
|4 aut
|9 184216
|
| 245 |
1 |
0 |
|a História postgraduálneho vzdelávania veterinárnych lekárov na Slovensku
|c Ladislav Husár, Jozef Pokorný
|
| 250 |
|
|
|a 1. vyd.
|
| 260 |
|
|
|a Košice
|b Inštitút vzdelávania veterinárnych lekárov
|c 2005
|
| 300 |
|
|
|a 177 s.
|b fotogr., sch., tab.
|c 24 cm
|
| 490 |
1 |
|
|a Historia medicinae veterinariae
|
| 504 |
|
|
|a Bibliografia na s. 144-145
|
| 506 |
|
|
|a 200 výtl.
|
| 546 |
|
|
|a Res. angl. a nem.
|
| 610 |
2 |
7 |
|a Inštitút vzdelávania veterinárnych lekárov (Košice, Slovensko)
|2 SNKKA
|9 33621
|
| 650 |
0 |
7 |
|a veterinárna medicína
|2 SNKPH
|9 1148
|
| 650 |
0 |
7 |
|a postgraduálne štúdium
|2 SNKPH
|9 69091
|
| 650 |
0 |
7 |
|a veterinárni lekári
|2 SNKPH
|9 70095
|
| 655 |
|
7 |
|a monografie
|2 SNKPH
|9 70139
|
| 700 |
1 |
|
|a Pokorný, Jozef,
|d 1955-
|4 aut
|9 113484
|
| 810 |
2 |
|
|a Inštitút vzdelávania veterinárnych lekárov (Košice, Slovensko)
|t Historia medicinae veterinariae
|9 390843
|
| 919 |
|
|
|a 80-89168-11-6
|
| 958 |
|
|
|a OND
|
| 999 |
|
|
|c 824021
|d 825951
|
| 952 |
|
|
|a SNK
|b SNK
|y VYP
|7 0
|p 17A0497133
|o snkSC 122717 D1
|i snk2006/3374
|8 0
|0 0
|1 0
|4 0
|d 2006-02-16
|l 0
|r 2026-02-24 03:15:59
|w 2026-02-24
|
| 952 |
|
|
|a SNK
|b SNK
|y PREZ
|7 0
|p 17A0497132
|o snkSC 122717
|i snk2006/3373
|8 0
|0 0
|1 0
|4 0
|d 2006-02-16
|f 1
|l 0
|r 2025-06-03 00:00:00
|w 2026-02-24
|